[Event "IOM Open-Masters 2017"]
[Site "Douglas"]
[Date "2017.09.24"]
[Round "2"]
[White "Rodshtein, Maxim"]
[Black "Basso, Pier Luigi"]
[Result "1-0"]
[WhiteElo "2695"]
[BlackElo "2460"]
[Annotator "TA"]
[PlyCount "73"]
[EventDate "2017.??.??"]
[EventType "swiss"]
[EventCountry "GBR"]
[SourceTitle "playchess.com"]
[Source "ChessBase"]
[SourceQuality "1"]

{[%evp 19,73,4,7,11,1,4,13,1,22,39,21,0,21,20,23,17,19,17,60,42,27,0,15,12,72,64,82,64,85,81,74,75,66,55,58,60,75,85,87,87,87,83,124,126,159,151,141,148,184,145,145,138,425,418,468,457]} 1. d4 d5 2. c4 e6 3. Nf3 Nf6 4. g3 Be7 {[%cal Bf8e7,Be7c5,Bc5d4,Bd4g7][%mdl 32]} 5. Bg2 O-O 6. O-O dxc4 7. Qc2 a6 8. a4 c5 9. dxc5 Bxc5 {E05: Katalanisch} 10. Nbd2 (10. Qxc4 b6 11. Ne5 Ra7 12. Nc3 Bb7 13. Bxb7 Rxb7 14. Bg5 h6 15. Rad1 Qe7 16. Bxf6 Qxf6 17. Nd3 {1-0 (73) Aronian,L (2792)-Topalov,V (2761) Leuven 2016}) 10... b5 {LiveBook: 5 Partien} 11. Ng5 Ra7 {Die Stellung ist ausgeglichen.} 12. Nde4 Nxe4 13. Nxe4 Bd4 14. Ng5 {[%csl Gg5][%cal Rc2h7] [#]} g6 $1 {[#]} 15. Qe4 $146 ({Vorgänger:} 15. axb5 axb5 16. Rxa7 Bxa7 17. Ne4 {½-½ (36) Bogosavljevic,B (2525)-Plenca,J (2422) Belgrade 2017}) 15... h6 16. Nf3 $36 {[%mdl 2048] Weiss kämpft um Vorteil.} Bg7 $1 17. axb5 Bb7 18. Qc2 Ra8 19. Rd1 Qc8 20. bxa6 Rxa6 21. Bd2 e5 (21... Rxa1 $11 22. Rxa1 Nd7) 22. Bc3 $16 Re8 23. e3 Bc6 24. Nd2 Bxg2 25. Kxg2 Nd7 {Droht ...Da8+ und aus.} 26. Kg1 Nb6 27. Ra5 Qb7 28. Ne4 Qa8 29. Rda1 {[%cal Bd1a1,Ba1a5,Ba5b5,Bb5d5][%mdl 32]} Rxa5 30. Rxa5 Qd8 31. Rb5 {Droht stark La5.} Nd5 32. Ba5 Qd7 33. Qxc4 Ne7 34. Bc3 Qd1+ {[#]} 35. Kg2 $1 Nf5 $2 {[%mdl 8192]} (35... Rc8 $16 36. Rc5 Rxc5 37. Nxc5 (37. Qxc5 Qd5 $16) 37... Qd5+ 38. Qxd5 Nxd5) 36. Rd5 $18 Qc1 37. Qa4 {Precision: Weiß = 80%, Schwarz = 45%.} ({Schwächer ist} 37. Rd7 Rf8 $18) 1-0

[Event "IOM Open-Masters 2017"]
[Site "Douglas"]
[Date "2017.09.24"]
[Round "2"]
[White "Leko, Peter"]
[Black "Christiansen, Johan-Sebastian"]
[Result "1/2-1/2"]
[WhiteElo "2679"]
[BlackElo "2457"]
[Annotator "TA"]
[PlyCount "64"]
[EventDate "2017.??.??"]
[EventType "swiss"]
[EventCountry "GBR"]
[SourceTitle "playchess.com"]
[Source "ChessBase"]
[SourceQuality "1"]

{[%evp 12,64,14,12,14,9,17,17,44,40,62,60,88,46,48,50,42,3,2,0,39,48,37,41,39,50,92,94,94,102,108,55,54,0,0,-32,-48,-59,-59,-30,12,-66,-62,-71,0,0,0,0,0,0,0,0,0,0,0]} 1. e4 e5 2. Nf3 Nc6 3. Bc4 Nf6 4. d3 Bc5 5. O-O d6 6. c3 {[%cal Bc2c3,Bc3d4][%mdl 32]} O-O 7. h3 a5 {C54: Giuoco Piano: 4 c3 Nf6, main lines with 5 d4 and 5 d3} (7... a6 8. a4 Ba7 9. Re1 h6 10. Nbd2 Be6 11. Bxe6 fxe6 12. b4 Qe8 13. Nf1 Nh5 14. Be3 Bxe3 15. Rxe3 Nf4 {1-0 (63) Karjakin,S (2773)-So,W (2810) Saint Louis 2017}) 8. Re1 Be6 9. Bb5 h6 10. d4 exd4 11. cxd4 Bb4 $146 ({Predecessor:} 11... Bb6 12. d5 Na7 13. Bd3 Bd7 {1-0 (42) Timpel,K (2273)-Arbinger,R (2129) Germany 2002}) 12. Bd2 d5 13. e5 Ne4 14. Bxb4 axb4 15. Nbd2 Ra5 16. Bxc6 bxc6 17. Nb3 Ra6 18. Nfd2 Qa8 19. f3 Ng3 20. Kh2 Nh5 21. Qc2 (21. Nc5 $16) 21... Qd8 $1 $14 {[%cal Rd8h4]} 22. Nc5 (22. g3 $1 $14) 22... Qh4 $1 $11 {aiming for ...Bxh3!} 23. Ndb3 {[#]} Rxa2 $1 {[%mdl 512]} 24. Qd2 (24. Rxa2 Qg3+) 24... Rxa1 25. Rxa1 Bxh3 {Threatens to win with ...Bf5+.} 26. gxh3 (26. Qe1 $11 Qxe1 27. Rxe1) 26... Nf4 $1 $15 27. Rf1 {[#]} Qxh3+ (27... Ra8 $1 $17) 28. Kg1 $11 {The position is equal.} Qg3+ 29. Kh1 {With the idea Qh2.} Qh3+ 30. Kg1 Qg3+ 31. Kh1 {Black should prevent Qh2.} Qh3+ 32. Kg1 Qg3+ {Precision: White = 58%, Black = 64%.} 1/2-1/2

[Event "IOM Open-Masters 2017"]
[Site "Douglas"]
[Date "2017.09.24"]
[Round "2"]
[White "Rapport, Richard"]
[Black "Kjartansson, Gudmundur"]
[Result "1/2-1/2"]
[WhiteElo "2675"]
[BlackElo "2456"]
[Annotator "TA"]
[PlyCount "117"]
[EventDate "2017.??.??"]
[EventType "swiss"]
[EventCountry "GBR"]
[SourceTitle "playchess.com"]
[Source "ChessBase"]
[SourceQuality "1"]

{[%evp 16,117,47,38,38,19,18,0,0,0,12,8,9,5,14,10,12,4,15,0,0,0,1,-21,-34,-22,-18,-29,-37,-45,-41,-60,-56,-68,-52,-58,-55,-58,-45,-59,-31,-56,-79,-90,-73,-73,-61,-67,-39,-38,-33,-26,-6,-12,0,0,0,-8,-8,-30,0,18,0,0,0,-15,-15,-22,-26,-48,-16,-67,-16,-16,-16,-16,-15,-12,-12,-12,-14,-13,-8,-15,-15,-15,-16,-16,-19,-21,-6,-6,-6,-13,-13,-13,-13,-13,0,0,0,0,0,0]} 1. Nf3 d5 2. g3 Nf6 3. Bg2 g6 4. c4 c6 5. b3 Bg7 6. Bb2 O-O 7. O-O a5 8. d3 Na6 9. a3 {LiveBook: 16 Games. A11: English Opening: 1...c6} b6 $146 ({Predecessor:} 9... Bg4 10. Nbd2 Rc8 11. Qc2 b5 12. h3 Be6 13. cxb5 cxb5 14. Qb1 Qd7 15. b4 Bxh3 16. bxa5 Bxg2 17. Kxg2 {½-½ (24) Kramnik,V (2803)-Mamedyarov,S (2753) Moscow 2013}) 10. Ne5 Bb7 11. cxd5 cxd5 12. d4 Nd7 13. Nd3 e6 14. e3 Qe7 15. Nc3 Rfc8 16. Re1 Nc7 17. h4 Ne8 18. a4 Nd6 19. Nb5 Nxb5 20. axb5 Qe8 21. Bf1 Nf6 22. Ne5 Ne4 23. Qd3 f6 24. Nf3 Bf8 25. Rec1 Bb4 {[%cal Bf8b4,Bb4d2,Bd2c3][%mdl 32]} 26. Ne1 Bd2 {aiming for ...Rxc1.} 27. Rcb1 Bc3 28. Ng2 e5 29. Ne1 exd4 30. exd4 Qd7 31. Ng2 Bxb2 32. Rxb2 Rc3 33. Qd1 Qc7 34. Nf4 Re8 35. Bg2 Rc8 {[%cal Be8c8,Bc8c1,Bc1c3][%mdl 32]} 36. Bh3 f5 {[#] Strongly threatening ...Nxg3!} 37. Bf1 Rc1 (37... Qd6 {keeps more tension.} 38. Kg2 h6 39. Ne2 R3c7 40. f3 g5) 38. Rxc1 Qxc1 39. Qxc1 Rxc1 40. Nd3 Rc3 41. Ne5 Bc8 42. Bd3 Kf8 43. Kg2 {[#]} (43. Rc2 $11 Rxc2 44. Bxc2) 43... Ke7 ({Black should try} 43... f4 $1 $15 {[%mdl 512]} 44. gxf4 Nd6) 44. Rc2 $11 {The position is equal.} Rxc2 45. Bxc2 Bd7 46. Nxd7 Kxd7 {[%mdl 4096] Endgame KB-KN} 47. Kf3 Ke6 48. Ke3 h6 49. Bd3 Nd6 50. Kf4 Kf6 51. Ke3 g5 52. hxg5+ hxg5 53. f3 Ne8 54. Be2 Ng7 55. g4 Ne6 56. Bf1 Nf4 57. Bd3 fxg4 58. fxg4 Nxd3 59. Kxd3 {Precision: White = 50%, Black = 56%.} 1/2-1/2

[Event "IOM Open-Masters 2017"]
[Site "Douglas"]
[Date "2017.09.24"]
[Round "2"]
[White "Hou, Yifan"]
[Black "Paehtz, Elisabeth"]
[Result "1-0"]
[WhiteElo "2670"]
[BlackElo "2453"]
[Annotator "TA"]
[PlyCount "80"]
[EventDate "2017.??.??"]
[EventType "swiss"]
[EventCountry "GBR"]
[SourceTitle "playchess.com"]
[Source "ChessBase"]
[SourceQuality "1"]

{[%evp 26,80,0,0,0,0,0,0,0,0,104,83,103,115,114,112,115,115,191,108,94,98,108,108,108,108,108,100,100,112,163,64,68,61,65,67,169,101,102,92,429,408,460,436,358,233,294,265,3079,3319,969,2058,1403,1340,983,320,29996]} 1. e4 e5 2. Nf3 Nc6 3. Bb5 a6 4. Ba4 Nf6 5. O-O Be7 6. Re1 b5 7. Bb3 O-O 8. h3 Bb7 9. d3 d5 {C88: Spanische Partie (Geschlossenes System)} 10. exd5 Nxd5 11. a4 Nd4 12. Nxd4 exd4 13. axb5 axb5 14. Rxa8 {LiveBook: 10 Partien} Bxa8 15. Na3 Bb4 16. Bd2 Bxd2 17. Qxd2 {[#]} Qd7 $146 (17... b4 $11 {hält das Gleichgewicht.} 18. Nc4 c5) 18. Qg5 $1 $16 h6 19. Qe5 c5 {[#]} 20. Nxb5 $1 {[%mdl 512]} Qxb5 21. Bxd5 Qxb2 {[#]} (21... Bxd5 $16 22. Qxd5 Qxb2) 22. Bxa8 (22. Bb3 $1 $18) 22... Rxa8 23. Qxc5 Ra1 24. Rxa1 Qxa1+ {[%mdl 4096] Endspiel KD-KD} 25. Kh2 g6 26. Kg3 h5 27. Kh4 Qa8 (27... Qe1 $16 {war nötig.} 28. Qxd4 Qe7+ 29. Kg3 Qc7+ 30. Kh4 Qe7+ 31. Kg3 Qc7+ 32. Qf4 h4+ 33. Kg4 Qxc2 34. Kxh4 Qxd3) 28. f3 (28. Qxd4 $18 {Kg3 ist eine echte Drohung.} Qxg2 29. c4) 28... Qd8+ $14 29. Kg3 Qb8+ 30. f4 {[%cal Bf3f4,Bf4f5][%mdl 32]} Qb2 {[#]} (30... h4+ $14 31. Kf3 (31. Kxh4 Qxf4+ 32. g4 Kh7 33. Qf8 g5+ 34. Kh5 Qf6 35. Qxf7+ Qxf7+ 36. Kxg5 Kg7 37. Kh4 Qf4 38. c3 Kh6 39. cxd4 Qf2#) 31... Qb1) 31. Kh4 ({Günstiger ist} 31. Qc7 $1 $18) 31... Qb7 $16 32. Kg5 Kh7 $2 {[%mdl 8192]} (32... Qxg2+ $16 33. Kh6 Qa8 34. Qxd4 Qf8+ 35. Kg5 Kh7) 33. Kf6 $18 Qd7 34. f5 Kg8 35. g4 hxg4 36. hxg4 {[%cal Bh3g4,Bg4f5][%mdl 32]} gxf5 $2 (36... Qd8+ 37. Qe7 Qb6+ 38. Ke5 Qb5+ 39. Kxd4 Qb2+ 40. c3 Qf2+ 41. Qe3 Qh4 42. Qe8+ Kg7 43. Qe5+ Kg8 44. Qb8+ Kh7 45. fxg6+ fxg6 46. Qc7+ Kg8) 37. gxf5 Qd8+ 38. Qe7 Qb6+ 39. Kg5 Qa6 40. Qe4 $2 (40. f6 {Beabsichtigt De8+ und Matt.} Qc8 41. Kf4) 40... Kh7 $2 {Precision: Weiß = 58%, Schwarz = 39%.} (40... Kg7 $18 41. Qxd4+ f6+ 42. Kh5 Qb7) 1-0

[Event "IOM Open-Masters 2017"]
[Site "Douglas"]
[Date "2017.09.24"]
[Round "2"]
[White "Riazantsev, Alexander"]
[Black "Sundararajan, Kidambi"]
[Result "1/2-1/2"]
[WhiteElo "2666"]
[BlackElo "2426"]
[Annotator "TA"]
[PlyCount "66"]
[EventDate "2017.??.??"]
[EventType "swiss"]
[EventCountry "GBR"]
[SourceTitle "playchess.com"]
[Source "ChessBase"]
[SourceQuality "1"]

{[%evp 9,66,33,30,26,41,30,38,12,105,108,96,68,88,94,92,85,87,87,191,161,174,172,187,184,223,145,158,151,198,191,212,189,203,0,183,191,181,152,112,117,130,0,0,0,0,-106,0,-185,-199,-273,-281,-222,0,-58,0,-195,0,-75,0]} 1. d4 f5 2. g3 Nf6 3. Bg2 g6 4. c3 Bg7 5. Nd2 O-O {LiveBook: 24 Games} 6. h4 $146 {A81: Dutch Defence: 2 g3} ({Predecessor:} 6. Qb3+ d5 7. Nh3 e6 8. Nf4 Re8 9. O-O b6 10. Nf3 Bb7 11. Nd3 Nbd7 12. Nfe5 Nxe5 13. Nxe5 Nd7 {½-½ (25) Campora,D (2462)-Viterbo Ferreira,J (2488) Mirandela 2015}) 6... Nc6 7. Qb3+ d5 8. Ndf3 {White is slightly better.} Ne4 (8... Na5 $11 {keeps the balance.} 9. Qd1 c5) 9. h5 $16 e5 10. hxg6 hxg6 {[%cal Re5d4]} 11. Nxe5 Nxe5 12. dxe5 c6 13. Nf3 g5 (13... Qb6 $16 {was called for.} 14. Be3 Qxb3 15. axb3 Bd7) 14. Be3 $18 Qe7 15. O-O-O a5 16. a4 $1 Bd7 17. c4 ({Not} 17. Qxb7 Rfb8 $11) 17... dxc4 18. Qxb7 Rab8 19. Qxd7 Qb4 {[%csl Gb8][%cal Rb4b2]} 20. Bd4 c3 {[%csl Gb8,Gc3][%cal Rb4b2]} 21. Qe6+ Rf7 {[%csl Gb8,Gc3][%cal Rb4b2]} 22. Qa2 $1 {And now Ne1 would win.} cxb2+ 23. Kb1 c5 24. Nxg5 $1 Nxg5 25. Bd5 (25. e6 $16 cxd4 26. exf7+ Kf8 27. Bc6) 25... cxd4 $11 26. Bxf7+ (26. Rd3 $11 {remains equal.} Qe7 27. Rh5) 26... Nxf7 $17 27. f4 $1 Qb7 (27... Qc3 $1 $17 {[%cal Rc3c6] White must now prevent ...Qc6.} 28. e6 Nd6 29. e7+ Qc4) 28. Qc4 $2 (28. Rhe1 $11 {and White has nothing to worry.}) 28... Rc8 $19 29. Qb5 Qe4+ 30. Qd3 {Qxe4 is the strong threat.} Qb7 $2 (30... Qc6 $1 $19 {[%cal Rc6a4]} 31. Qb3 (31. Qxf5 $2 Nh6 $19) 31... Rc7) 31. Qb5 $1 $15 {[%cal Rb5b7]} Qe4+ (31... Qg2 $15) 32. Qd3 $19 {[#] Strongly threatening Qxe4.} Qb7 (32... Qc6 $1 $19 {[%cal Rc6a4] is more deadly.} 33. Qb3 (33. Qxf5 $2 Nh6 $19) 33... Rc7) 33. Qb5 $1 $17 {[%cal Rb5b7] [#]} Qe4+ {Precision: White = 63%, Black = 58%.} (33... Qg2 $1 $17) 1/2-1/2

[Event "IOM Open-Masters 2017"]
[Site "Douglas"]
[Date "2017.09.24"]
[Round "2"]
[White "Fressinet, Laurent"]
[Black "Yankelevich, Lev"]
[Result "1-0"]
[WhiteElo "2657"]
[BlackElo "2443"]
[Annotator "TA"]
[PlyCount "77"]
[EventDate "2017.??.??"]
[EventType "swiss"]
[EventCountry "GBR"]
[SourceTitle "playchess.com"]
[Source "ChessBase"]
[SourceQuality "1"]

{[%evp 22,77,6,-2,0,0,32,0,20,11,35,28,43,28,63,72,73,64,63,63,72,56,98,70,70,67,100,100,101,84,84,73,104,107,97,55,60,60,163,140,195,173,176,161,529,527,885,844,1937,1902,1893,1888,1752,1716,1549,1001,1683,1608]} 1. e4 e5 2. Nf3 Nc6 3. Bb5 Nf6 4. d3 {[%cal Bd2d3,Bd3d4][%mdl 32]} Bc5 5. c3 O-O 6. O-O d6 7. h3 Ne7 {C65: Ruy Lopez: Berlin Defence (3...Nf6), unusual lines and 4 0-0 Bc5} 8. d4 Bb6 9. Re1 d5 10. Nxe5 Nxe4 11. Nd2 Nd6 12. Bf1 {LiveBook: 5 Games} f6 13. Nd3 Ng6 {[#]} 14. Nf3 $146 ({Predecessor:} 14. b3 Re8 15. Rxe8+ Qxe8 {0-1 (73) Morovic Fernandez,I (2572)-Quesada Perez,Y (2631) Varadero 2016}) 14... Ne4 15. Nf4 Nxf4 16. Bxf4 Bf5 17. Bd3 Qd7 18. a4 {[%cal Ba2a4,Ba4a5,Ba5a6][%mdl 32]} c6 19. Nh4 {[#] a5 is the strong threat.} Be6 20. a5 ({Weaker is} 20. Bxe4 dxe4 21. Qh5 (21. Rxe4 $2 Bd5 $17) (21. a5 Bd8 $17) 21... g5 $17) 20... Bd8 {With the idea ...g5.} 21. Nf3 Nd6 22. a6 {Threatens to win with Bxd6.} b6 23. Qc2 Bf5 24. Bxd6 $1 Bxd3 25. Qxd3 Qxd6 26. Re3 Be7 27. Rae1 $36 {[%mdl 2048] White is in control.} Rf7 28. Qe2 Bf8 29. Re8 Rxe8 (29... Rd8 $14) 30. Qxe8 $18 Rd7 (30... g6 $16 31. Re6 Qd7) 31. Re6 Qc7 32. Qa8 c5 $2 (32... Qd8 {is a better chance.} 33. Qxc6 Kf7) 33. Re8 {[%csl Ga8][%cal Re8f8] White is clearly winning.} Qd6 {[#]} 34. Ne5 $1 {[%mdl 512]} Rc7 (34... fxe5 35. dxe5) 35. Rd8 Qe7 36. Qxd5+ Kh8 37. Qa8 Kg8 38. Re8 Qd6 39. Nc4 {Precision: White = 72%, Black = 24%.} 1-0

[Event "IOM Open-Masters 2017"]
[Site "Douglas"]
[Date "2017.09.24"]
[Round "2"]
[White "Grandelius, Nils"]
[Black "Zatonskih, Anna"]
[Result "1-0"]
[WhiteElo "2653"]
[BlackElo "2424"]
[Annotator "TA"]
[PlyCount "59"]
[EventDate "2017.??.??"]
[EventType "swiss"]
[EventCountry "GBR"]
[SourceTitle "playchess.com"]
[Source "ChessBase"]
[SourceQuality "1"]

{[%evp 25,59,26,44,27,349,338,347,333,321,354,559,505,774,795,770,768,682,322,424,307,291,268,716,716,1318,1308,1889,1806,1708,1608,29994,29995,29995,29996,29996,29997]} 1. e4 e5 2. Nf3 Nf6 3. Nxe5 d6 4. Nf3 Nxe4 5. d4 d5 6. Bd3 Nc6 7. O-O Bg4 8. c4 Nf6 9. Nc3 Be7 10. cxd5 Nxd5 11. h3 Be6 12. Re1 O-O 13. a3 Re8 {LiveBook: 5 Games. C42: Petroff Defence: 3 Nxe5 and unusual White 3rd moves} 14. Bc2 (14. Qc2 h6 15. Rxe6 fxe6 16. Qe2 Bd6 17. Bg6 Qd7 18. Bxe8 Rxe8 19. Bd2 Nf6 20. Qb5 Nd8 21. Qb3 {½-½ (46) Cheparinov,I (2688)-Fridman,D (2605) Minsk 2017}) 14... h6 $2 {[%mdl 8192] [#]} (14... Bf6 $11 {and Black is okay.}) 15. Qd3 $1 $18 {[%cal Rd3h7] Threatening mate with Qh7+.} Nf6 {[#]White has a decisive advantage.} 16. Bxh6 $1 {[%mdl 512]} gxh6 {[#]} 17. Rxe6 $1 {[%mdl 512]} Qd7 $146 (17... Bd6 {was worth a try.}) (17... fxe6 18. Qg6+) ({Predecessor:} 17... a6 18. d5 Kf8 19. Qd2 {1-0 (19) Buijsman,J-Torfs,G IECG email 1999}) 18. Rae1 fxe6 (18... Kf8 $142 19. R6e3 Bd6) 19. Qg6+ Kf8 20. Qxh6+ Kg8 21. Ne5 (21. Qg6+ $142 Kf8 22. Ne5 Nxe5 23. dxe5) 21... Nxe5 22. dxe5 Bf8 23. Qxf6 {Hoping for Re3.} Bg7 $2 (23... Qg7 24. Bg6 Re7) 24. Qg6 Qd2 25. Re3 Re7 26. Ne4 Qc1+ 27. Kh2 {Intending Nf6+ and mate.} Qxb2 28. Nf6+ {White mates.} Kf8 {[#]} 29. Nd7+ $1 {[%mdl 512]} Rxd7 30. Rf3+ {Precision: White = 84%, Black = 20%.} 1-0

[Event "IOM Open-Masters 2017"]
[Site "Douglas"]
[Date "2017.09.24"]
[Round "2"]
[White "Xiong, Jeffery"]
[Black "Kojima, Shinya"]
[Result "1-0"]
[WhiteElo "2633"]
[BlackElo "2403"]
[Annotator "TA"]
[PlyCount "69"]
[EventDate "2017.??.??"]
[EventType "swiss"]
[EventCountry "GBR"]
[SourceTitle "playchess.com"]
[Source "ChessBase"]
[SourceQuality "1"]

{[%evp 9,69,28,29,10,14,12,8,4,17,-9,-3,-10,0,-20,0,0,4,0,0,0,0,0,0,-45,0,-8,0,-33,-44,-36,-55,-54,-54,-53,-40,-56,-42,-50,-24,-25,-37,-43,-17,-35,-31,-101,-98,-87,0,0,0,-172,0,0,74,73,439,413,774,775,2173,2101]} 1. d4 d5 2. c4 c6 3. Nf3 Nf6 4. e3 Bf5 5. Nc3 a6 6. Bd2 {D15: Slav Defence: 4 Nc3 a6 and gambit lines after 4 Nc3 dxc4} (6. Be2 h6 7. Qb3 b5 8. cxd5 cxd5 9. a4 b4 10. Qxb4 Nc6 11. Qb3 e6 12. O-O Bd6 13. a5 O-O {½-½ (102) Wojtaszek,R (2736)-Fedoseev,V (2726) Dortmund 2017}) 6... e6 {[%cal Be7e6,Be6d5][%mdl 32]} 7. Nh4 Bg4 8. Qb3 {The position is equal.} b5 9. cxd5 exd5 10. h3 $146 ({Predecessor:} 10. Qc2 Bb4 11. g3 O-O 12. Bg2 Nbd7 13. O-O Re8 {0-1 (30) Shabalov,A (2590)-Ramirez,A (2594) Richardson 2011}) 10... Be6 11. Qc2 g6 12. Nf3 Nbd7 13. Bd3 c5 14. dxc5 Nxc5 15. Nd4 Rc8 16. Rd1 Bd6 17. a3 O-O 18. b4 Nxd3+ 19. Qxd3 Rc4 20. O-O Bb8 21. f4 Qc7 22. Nce2 Rc8 23. Bc1 Ne4 24. Bb2 Qd6 25. Ba1 Bc7 26. Nf3 Bb6 27. Ne5 (27. Kh2 $15) 27... Rc2 $17 {Hoping for ...Ra2.} 28. Nd4 R2c7 (28... Ra2 $17 {White must now prevent ...Bxd4.} 29. Rfe1 Bxd4 30. Qxd4 f6 31. Qxe4 Rxa1) 29. f5 $36 {[%mdl 2048] White has good play.} Qxe5 30. Nxb5 $2 {[#]} (30. fxe6 $11 Qg3 31. Rf3) 30... Nc3 $2 ({And not} 30... Qg3 31. Rf3 $14) ({Better is} 30... d4 $1 $19 31. Bxd4 Qxb5 32. fxe6 Qxd3 33. Rxd3 Bxd4 34. exd4 fxe6) 31. Nxc3 Rxc3 (31... Qxe3+ $11 {keeps the balance.} 32. Qxe3 Bxe3+ 33. Kh2 d4) 32. fxe6 $16 fxe6 $2 {[%mdl 8192]} (32... Qxe3+ $16 {is a better chance.} 33. Qxe3 Bxe3+ 34. Kh2 R3c7) 33. Bxc3 $18 Qxe3+ (33... Bxe3+ $142 34. Kh1 Qxc3 35. Qxa6 Qc6 36. Qxc6 Rxc6) 34. Kh1 Rxc3 35. Qxa6 {Precision: White = 57%, Black = 47%.} 1-0

[Event "IOM Open-Masters 2017"]
[Site "Douglas"]
[Date "2017.09.24"]
[Round "2"]
[White "Bok, Benjamin"]
[Black "Eggleston, David J"]
[Result "1-0"]
[WhiteElo "2620"]
[BlackElo "2400"]
[Annotator "TA"]
[PlyCount "73"]
[EventDate "2017.??.??"]
[EventType "swiss"]
[EventCountry "GBR"]
[SourceTitle "playchess.com"]
[Source "ChessBase"]
[SourceQuality "1"]

{[%evp 12,73,16,8,14,0,0,0,18,0,0,0,0,0,0,0,0,-3,0,-16,-7,-24,-9,-18,-9,-15,0,0,-6,-6,-20,-37,-1,-11,-19,-13,62,22,168,154,189,191,201,202,781,772,818,825,783,783,935,881,2644,2524,1890,760,782,783,744,750,1285,1202,1207,898]} 1. c4 Nf6 2. Nc3 e6 3. Nf3 Bb4 4. Qc2 O-O 5. e3 b6 6. Be2 Bb7 7. O-O d5 {A17: English Opening: 1...Nf6 with ...Bb4} 8. b3 Nbd7 9. Bb2 (9. cxd5 Nxd5 10. Nxd5 Bxd5 11. Bb2 Be7 12. d4 c5 13. e4 Bb7 14. Rad1 Qc8 15. d5 exd5 16. exd5 {½-½ (37) Bu,X (2695)-Markos,J (2566) Khanty-Mansiysk 2010}) 9... Re8 {The position is equal.} 10. a3 $146 ({Predecessor:} 10. Rfd1 Ne4 11. d3 Nxc3 12. Bxc3 Bxc3 13. Qxc3 {½-½ (24) Drasko,M (2510)-Kholmov,R (2475) Sochi 1988}) 10... Bf8 11. d4 c5 12. dxc5 bxc5 13. Rfd1 Rc8 14. Rac1 Qc7 15. Na4 Qb8 16. Ne1 Bd6 17. g3 Ba8 18. Bf3 h5 19. Bg2 h4 20. Nc3 {[%cal Rc4d5]} hxg3 21. hxg3 {[%cal Rc4d5]} Nb6 22. a4 dxc4 23. Bxa8 {[#] Bg2 is the strong threat.} Nxa8 ({Better is} 23... cxb3 $1 $11 24. Qxb3 Nxa8 25. Qxb8 Bxb8) 24. bxc4 {And now Nb5 would win.} a6 (24... Bxg3 $11 25. fxg3 Qxg3+ 26. Qg2 Qxe3+ 27. Kf1 Red8) 25. Nf3 {[%cal Be1f3,Bf3g5,Bg5e4][%mdl 32]} Nb6 {[#]} 26. Ne4 $1 {[%cal Re4d6]} Nxe4 27. Qxe4 Be7 $2 (27... Nd7 28. Rd2 Nf8) 28. Qg4 $18 {[%csl Gb2][%cal Rg4g7] White is clearly winning.} Bf8 29. Ng5 {White threatens Qh5 and mate.} f6 30. Ne4 Nd7 31. Ba1 Ne5 32. Nxf6+ Kf7 33. Bxe5 (33. Qh5+ $142 Ng6 34. Ne4) 33... Qxe5 34. Nxe8 Rxe8 35. Rd7+ Kg8 36. Qg6 Rb8 37. Rcd1 {Precision: White = 62%, Black = 36%.} 1-0

[Event "IOM Open-Masters 2017"]
[Site "Douglas"]
[Date "2017.09.24"]
[Round "2"]
[White "L'ami, Erwin"]
[Black "Tarjan, James"]
[Result "1/2-1/2"]
[WhiteElo "2611"]
[BlackElo "2412"]
[Annotator "TA"]
[PlyCount "165"]
[EventDate "2017.??.??"]
[EventType "swiss"]
[EventCountry "GBR"]
[SourceTitle "playchess.com"]
[Source "ChessBase"]
[SourceQuality "1"]

{[%evp 33,165,8,19,4,12,0,4,4,22,22,22,14,16,10,16,15,19,13,15,31,31,24,23,27,33,35,35,35,27,25,20,0,0,0,0,0,0,0,0,0,0,0,0,0,0,0,0,0,0,0,0,0,0,0,0,0,0,0,0,0,8,8,8,8,8,11,22,31,29,36,59,8,8,8,8,8,8,8,8,8,8,8,8,8,8,8,8,8,8,8,8,8,8,8,8,8,8,8,8,8,8,8,8,8,8,8,8,8,8,8,8,8,8,8,8,8,8,8,8,8,8,8,8,8,8,8,29971,29973,29972,29974,29972,0,8,0]} 1. d4 d5 2. c4 e6 3. Nc3 Be7 4. Nf3 Nf6 5. Bg5 h6 6. Bh4 O-O 7. e3 b6 8. Be2 Bb7 9. Bxf6 Bxf6 10. cxd5 exd5 11. b4 c5 12. bxc5 bxc5 13. Rb1 Bc6 14. O-O Nd7 15. Bb5 Qc7 16. Qd3 Rfd8 {D58: Queen's Gambit Declined: Tartakower Defence} (16... Rfc8 17. Rfd1 Rab8 18. a4 cxd4 19. exd4 Ba8 20. Qf5 Qxc3 21. Qxd7 Qc7 22. Qf5 Rb6 23. Ne5 g6 24. Qf4 {1-0 (50) Grischuk,A (2748)-Gelfand,B (2733) Nalchik 2009}) 17. Rfc1 Rab8 {LiveBook: 3 Games} 18. a4 Qd6 {[#]} 19. Qf5 $146 ({Predecessor:} 19. h3 cxd4 20. Nxd4 Nc5 21. Qd1 Ba8 22. Nce2 g6 23. Qc2 Be7 24. Nf4 {1-0 (59) Ernst,S (2512)-Ogaard,L (2395) Fuegen 2006}) 19... g6 20. Qh3 Bg7 (20... cxd4 {with more complications.} 21. Nxd4 Bxd4 22. exd4 Kg7 23. Qg3 Qxg3 24. hxg3 Bxb5 25. Nxb5 a5) 21. Qg3 Qxg3 22. hxg3 cxd4 23. Nxd4 Bxd4 24. exd4 ({But not} 24. Bxc6 $2 Bxc3 25. Rxb8 Nxb8 $19) 24... Bxb5 25. Nxb5 Rb7 26. Nc7 Rxb1 27. Rxb1 Rb8 28. Rxb8+ Nxb8 29. Nxd5 $11 {[%mdl 4096] Endgame KN-KN} Nc6 30. f3 Nxd4 31. Kf2 Kf8 32. g4 Ke8 33. Ke3 Nb3 34. Kf4 Nc5 35. Nc3 f6 36. Ke3 Kd7 37. Kd4 Kc6 38. f4 Ne6+ 39. Ke4 Nc5+ 40. Ke3 Kd6 41. g3 a6 42. Kd4 Nb3+ 43. Kc4 Na5+ 44. Kd3 f5 45. gxf5 gxf5 46. Nd1 Nc6 47. Ne3 Ne7 $1 48. Kc4 h5 49. Kd4 Nc6+ 50. Kd3 Ne7 $1 51. Kc4 Kc6 $1 52. Nc2 ({White should play} 52. Kd4 $14) 52... Kb6 53. Nd4 Ka5 $1 54. Kb3 Kb6 55. Kb4 Nd5+ 56. Kc4 Ne7 57. Nb3 {next Kd4 is good for White.} Kc6 58. a5 Kc7 59. Kc5 {And now Nd4 would win.} Ng6 $1 60. Nd4 h4 $1 {[%cal Rh4g3]} 61. gxh4 Nxh4 62. Ne6+ Kb7 $1 63. Kd6 {Nc5+ is the strong threat.} (63. Kd5 $5 {[%cal Re6c5]} Ng6 64. Kc5 $14) 63... Ng6 64. Kd7 Ka7 65. Kc7 Ne7 66. Kd6 Ng6 67. Kd7 Kb7 68. Nc5+ Ka7 69. Nd3 Kb7 70. Kd6 Ka7 71. Kc7 Ne7 72. Nb4 Ng6 73. Nd5 Nh4 74. Kd6 {Strongly threatening Ke5.} Kb7 75. Ne7 {White wants to play Ke5.} Ng2 76. Ke5 Kc7 77. Nxf5 {aiming for Nd4.} Nxf4 78. Kxf4 {KN-KP} Kc6 79. Nd4+ Kc5 $2 {[%mdl 8192] [#]} (79... Kd5 $11) 80. Ke5 $1 Kb4 81. Nc6+ Kc5 {[#]} 82. Nd4 $2 (82. Nd8 $1 {mates} Kb5 83. Nb7 Kc6 84. Nd6 Kc5 85. Ke6 Kc6 86. Ke5 Kc5 87. Nb7+ Kc6 88. Nd6) 82... Kb4 83. Nc6+ {Precision: White = 72%, Black = 82%.} 1/2-1/2